Mejoramiento de la calidad y pertinencia de la educación en Honduras
محفوظ في:
| مؤلف مشترك: | |
|---|---|
| التنسيق: | كتاب |
| اللغة: | الإسبانية |
| منشور في: |
Kingston
Secretaría de Educación Pública
1996
|
| الموضوعات: | |
| الوسوم: |
إضافة وسم
لا توجد وسوم, كن أول من يضع وسما على هذه التسجيلة!
|
MARC
| LEADER | 00000nam a2200000 a 4500 | ||
|---|---|---|---|
| 001 | UCT9825 | ||
| 003 | CL-VaPUC | ||
| 008 | 970412e19960000jm |||||||||||||||||spa|d | ||
| 082 | 0 | 4 | |a 379.83 |b REP |2 21 |
| 110 | 2 | |a República de Honduras. Secretaria de educación pública |e author |9 382877 | |
| 245 | 1 | 0 | |a Mejoramiento de la calidad y pertinencia de la educación en Honduras |
| 300 | |a 11 p | ||
| 942 | |c BK | ||
| 945 | |d 19970412 00:00:00 |a amoreno | ||
| 260 | |a Kingston |b Secretaría de Educación Pública |c 1996 | ||
| 650 | 0 | |a Educación |9 258661 | |
| 650 | 0 | |a Calidad de la educación |9 307271 | |
| 650 | 7 | |a PERTINENCIA DE LA EDUCACION |2 CL-VaPUC |9 382878 | |
| 651 | 7 | |a HONDURAS |2 CL-VaPUC |9 257740 | |
| 583 | |a last modification |c 20171212 06:40:46 |k Rodrigo Vera | ||
| 999 | |c 258194 |d 258192 | ||
| 952 | |0 0 |1 0 |4 0 |6 379_830000000000000_REP_1996 |7 0 |8 P |9 282102 |a BIBEDU |b BIBEDU |c BIBEDU_PB |d 2019-11-19 |i 3288447 |o 379.83 REP 1996 |p 3288447 |r 2024-01-25 |w 2019-11-19 |y BK |k EDU | ||